| 000 | 00590nam a2200193 i 4500 | ||
|---|---|---|---|
| 001 | 150304 | ||
| 003 | ES-MaACL | ||
| 005 | 20230906203444.0 | ||
| 007 | t| | ||
| 008 | 071029s1980 sp ||||1| cat d | ||
| 100 | 1 |
_aVallès, Edmon. _9112874 |
|
| 245 | 1 | 0 |
_aDietari de guerra _b: (1938-1939) / _cEdmon Vallès. |
| 250 | _a[1ª ed.]. | ||
| 260 |
_aBarcelona : _bEdicions 62, _c[1980] |
||
| 300 |
_a126 p. ; _c18 cm. |
||
| 600 | 1 | 4 |
_aVallès, Edmon. _9112874 |
| 651 | 4 |
_aEspaña- _xHistoria- _y1936-1939, Guerra civil- _vRelatos personales. _98326 |
|
| 852 |
_aES-MaACL _jA-10943 _bR.100209 |
||
| 999 |
_c150304 _d150304 |
||